| 000 | 00348nam a2200109Ia 4500 | ||
|---|---|---|---|
| 008 | 171204s9999 xx 000 0 und d | ||
| 245 | _aOn Attachment: The View from Developmental Psychology | ||
| 245 | _cIan Rory Owen | ||
| 260 | _c2017 | ||
| 650 | _xPRF Ed 1: Child & Adolescent Development | ||
| 856 | _uhttp://down.ebook777.com/058/1782204520.pdf | ||
| 999 |
_c345847 _d345847 |
||